Art Film ... medzinárodný filmový festival
| Corporate Author: | |
|---|---|
| Format: | Conference Proceeding |
| Language: | Slovak English |
| PhysicalDescription: | zv. ilustr. 22-30 cm |
| Published: |
[Banská Bystrica]
ART FILM
|
| ISBN: | 9788097072100 (brož. : roč. 19/2011) 9788097072131 (brož.: roč. 22/2014) 9788097072124 (brož.: roč. 21/2013) 9788097072117 (brož. : roč. 20/2012) 9788097072148 (brož.: roč. 23/2015) |
| Subjects: |
MARC
| LEADER | 00000cas a2200000 a 4500 | ||
|---|---|---|---|
| 001 | vtls009280838 | ||
| 003 | SK-MaSNL | ||
| 005 | 20260228161456.0 | ||
| 008 | 080909c199u9999xo ar| ch 0 b0slo | ||
| 015 | |a SNBB2008/03-01424 (r. 13/2005) |a SNBB2008/03-01425 (r. 14/2006) |a SNBB2011/01-00310 (r. 15/2007) |a SNBB2011/01-00311 (r. 16/2008) |a SNBB2011/01-00312 (r. 17/2009) |a SNBB2011/01-00313 (r. 18/2010) |a SNBB2011/01-00314 (r. 19/2011) |a SNBB2012-(r. 20/2012) |a SNBB2013-(r. 21/2013) |a SNBB2014-(r. 22/2014) |a SNBB2015-(r. 23/2015) | ||
| 020 | |a 9788097072100 (brož. : roč. 19/2011) | ||
| 020 | |a 9788097072131 (brož.: roč. 22/2014) | ||
| 020 | |a 9788097072124 (brož.: roč. 21/2013) | ||
| 020 | |a 9788097072117 (brož. : roč. 20/2012) | ||
| 020 | |a 9788097072148 (brož.: roč. 23/2015) | ||
| 040 | |a SNK |b slo |c SNK |e AACR2 | ||
| 041 | 0 | |a slo |a eng | |
| 043 | |a e-xo--- | ||
| 044 | |a xo |c SK | ||
| 072 | 7 | |a 791 |x Film. Cirkus. Ľudová zábava |2 konspekt | |
| 080 | |a 791.65.079 |2 2001 | ||
| 080 | |a 791.2 |2 2001 | ||
| 080 | |a (437.6) |2 2001 | ||
| 080 | |a (083.81) |2 2001 | ||
| 080 | |a (058) |2 2001 | ||
| 111 | 2 | |a Artfilm (festival) |9 238371 | |
| 245 | 1 | 0 | |a Art Film |b ... medzinárodný filmový festival |
| 246 | 1 | |i Názov v tiráži: |a Art film festival ... | |
| 246 | 3 | |a Medzinárodný filmový festival Art Film | |
| 246 | 3 | |a International Art Film Festival | |
| 246 | 3 | |a International Film Festival | |
| 246 | 1 | 2 | |a Artfilmfest |f 2009- |
| 260 | |a [Banská Bystrica] |b ART FILM | ||
| 300 | |a zv. |b ilustr. |c 22-30 cm | ||
| 310 | |a 1x ročne | ||
| 500 | |a Súčasťou názvu je poradové číslo festivalu | ||
| 500 | |a Popis podľa: Roč. 13 (2005) | ||
| 500 | |a Registre | ||
| 500 | |a Miesto konania festivalu Trenčianske Teplice - Trenčín | ||
| 500 | |a Podnázov: ... ročník medzinárodného filmového festivalu Art Film | ||
| 500 | |a Súčasťou podnázvu je poradové číslo ročníka festivalu | ||
| 500 | |a Od r. 2007 začína s výškou formátu 22 cm | ||
| 546 | |a Súbežný text angl. | ||
| 650 | 0 | 7 | |a filmové festivaly a prehliadky |2 SNKPH |9 3405 |
| 650 | 0 | 7 | |a filmy |2 SNKPH |9 3250 |
| 651 | 7 | |a Trenčianske Teplice (Slovensko) |2 SNKPH |9 14503 | |
| 655 | 7 | |a katalógy |2 SNKPH |9 60821 | |
| 655 | 7 | |a ročenky |2 SNKPH |9 57146 | |
| 910 | |a snk | ||
| 919 | |a 978-80-970721-0-0 | ||
| 919 | |a 978-80-970721-2-4 | ||
| 919 | |a 978-80-970721-3-1 | ||
| 919 | |a 978-80-970721-1-7 | ||
| 919 | |a 978-80-970721-4-8 | ||
| 999 | |c 5489 |d 7419 | ||
| 952 | |0 0 |1 0 |4 0 |7 0 |8 0 |a SNK |b SNK |d 2013-11-29 |i snk2013/29497 |l 0 |o snkČSB 5626/21/2013 |p 17A1084528 |r 2026-02-21 19:32:58 |w 2026-02-21 |y PREZ | ||
| 952 | |0 0 |1 0 |4 0 |7 0 |8 0 |a SNK |b SNK |d 2013-11-29 |i snk2013/29498 |l 0 |o snkČSB 5626/[21]/2013 D1 |p 17A1084529 |r 2026-02-21 19:32:58 |w 2026-02-21 |y PREZ | ||
| 952 | |0 0 |1 0 |4 0 |7 0 |8 0 |a SNK |b SNK |d 2010-09-10 |i snk2010/19572 |l 0 |o snkČSB 5626/18/2010 |p 17A0661251 |r 2026-02-21 19:55:09 |w 2026-02-21 |y PREZ | ||
| 952 | |0 0 |1 0 |4 0 |7 0 |8 0 |a SNK |b SNK |d 2010-09-10 |i snk2010/19573 |l 0 |o snkČSB 5626/18/2010 D1 |p 17A0661252 |r 2026-02-21 19:55:09 |w 2026-02-21 |y PREZ | ||
| 952 | |0 0 |1 0 |4 0 |7 0 |8 0 |a SNK |b SNK |d 2014-12-04 |i snk2014/26850 |l 0 |o snkČSB 5626/[22]/2014 |p 17A0609255 |r 2026-02-21 20:20:35 |w 2026-02-21 |y PREZ | ||
| 952 | |0 0 |1 0 |4 0 |7 0 |8 0 |a SNK |b SNK |d 2014-12-04 |i snk2014/26851 |l 0 |o snkČSB 5626/[22]/2014 D1 |p 17A0609256 |r 2026-02-21 20:20:35 |w 2026-02-21 |y PREZ | ||
| 952 | |0 0 |1 0 |4 0 |7 0 |8 0 |a SNK |b SNK |d 2011-08-26 |i snk2011/17928 |l 0 |o snkČSB 5626/19/2011 |p 17A0679600 |r 2026-02-21 20:29:26 |w 2026-02-21 |y PREZ | ||
| 952 | |0 0 |1 0 |4 0 |7 0 |8 0 |a SNK |b SNK |d 2011-08-26 |i snk2011/17929 |l 0 |o snkČSB 5626/19/2011 D1 |p 17A1317774 |r 2026-02-21 20:29:26 |w 2026-02-21 |y PREZ | ||
| 952 | |0 0 |1 0 |4 0 |7 0 |8 0 |a SNK |b SNK |d 2012-07-16 |i snk2012/13882 |l 0 |o snkČSB 5626/[20]/2012 |p 17A0961146 |r 2026-02-21 20:40:43 |w 2026-02-21 |y PREZ | ||
| 952 | |0 0 |1 0 |4 0 |7 0 |8 0 |a SNK |b SNK |d 2012-07-16 |i snk2012/13885 |l 0 |o snkČSB 5626/[20]/2012 D1 |p 17A0961147 |r 2026-02-21 20:40:43 |w 2026-02-21 |y PREZ | ||
| 952 | |0 0 |1 0 |4 0 |7 0 |8 0 |a SNK |b SNK |d 2015-09-17 |i snk2015/26445 |l 0 |o snkČSB 5626/23/2015 |p 17A1145997 |r 2026-02-21 20:43:34 |w 2026-02-21 |y PREZ | ||
| 952 | |0 0 |1 0 |4 0 |7 0 |8 0 |a SNK |b SNK |d 2015-09-17 |i snk2015/26447 |l 0 |o snkČSB 5626/23/2015 D1 |p 17A1145998 |r 2026-02-21 20:43:37 |w 2026-02-21 |y PREZ | ||
| 952 | |0 0 |1 0 |4 0 |7 0 |8 0 |a SNK |b SNK |d 2009-08-04 |i snk2009/13985 |l 0 |o snkČSB 5626/17/2009 |p 17A0609134 |r 2026-02-21 20:50:08 |w 2026-02-21 |y PREZ | ||
| 952 | |0 0 |1 0 |4 0 |7 0 |8 0 |a SNK |b SNK |d 2009-08-04 |i snk2009/13986 |l 0 |o snkČSB 5626/17/2009 D1 |p 17A0609135 |r 2026-02-21 20:50:08 |w 2026-02-21 |y PREZ | ||
| 952 | |0 0 |1 0 |4 0 |7 0 |8 3 |a SNK |b SNK |d 2008-04-01 |g 6.64 |i snk2008/7182 |l 0 |o snkČSB 5626/13/2005 |p 17A0574806 |r 2026-02-21 21:01:09 |w 2026-02-21 |y PREZ | ||
| 952 | |0 0 |1 0 |4 0 |7 0 |8 3 |a SNK |b SNK |d 2008-04-01 |g 4.98 |i snk2008/7183 |l 0 |o snkČSB 5626/14/2006 |p 17A0574807 |r 2026-02-21 21:01:10 |w 2026-02-21 |y PREZ | ||
| 952 | |0 0 |1 0 |4 0 |7 0 |8 1 |a SNK |b SNK |d 2008-11-27 |i snk2008/22625 |l 0 |o snkČSB 5626/10/2002 |p 17A0582377 |r 2026-02-21 21:12:37 |w 2026-02-21 |y PREZ | ||
| 952 | |0 0 |1 0 |4 0 |7 0 |8 1 |a SNK |b SNK |d 2008-11-27 |i snk2008/22626 |l 0 |o snkČSB 5626/10/2002 D1 |p 17A0582376 |r 2026-02-21 21:12:37 |w 2026-02-21 |y PREZ | ||
| 952 | |0 0 |1 0 |4 0 |7 0 |8 1 |a SNK |b SNK |d 2008-11-27 |i snk2008/22628 |l 0 |o snkČSB 5626/11/2003 D1 |p 17A0582375 |r 2026-02-21 21:12:37 |w 2026-02-21 |y PREZ | ||
| 952 | |0 0 |1 0 |4 0 |7 0 |8 1 |a SNK |b SNK |d 2008-11-27 |i snk2008/22627 |l 0 |o snkČSB 5626/11/2003 |p 17A0582374 |r 2026-02-21 21:12:37 |w 2026-02-21 |y PREZ | ||
| 952 | |0 0 |1 0 |4 0 |7 0 |8 1 |a SNK |b SNK |d 2008-11-27 |i snk2008/22629 |l 0 |o snkČSB 5626/13/2005 D1 |p 17A0582373 |r 2026-02-21 21:12:37 |w 2026-02-21 |y PREZ | ||
| 952 | |0 0 |1 0 |4 0 |7 0 |8 1 |a SNK |b SNK |d 2008-11-27 |i snk2008/22630 |l 0 |o snkČSB 5626/14/2006 D1 |p 17A0582372 |r 2026-02-21 21:12:37 |w 2026-02-21 |y PREZ | ||
| 952 | |0 0 |1 0 |4 0 |7 0 |8 0 |a SNK |b SNK |d 2008-11-28 |i snk2008/22731 |l 0 |o snkČSB 5626/15/2007 |p 17A0582370 |r 2026-02-21 21:12:40 |w 2026-02-21 |y PREZ | ||
| 952 | |0 0 |1 0 |4 0 |7 0 |8 0 |a SNK |b SNK |d 2008-11-28 |i snk2008/22733 |l 0 |o snkČSB 5626/15/2007 D1 |p 17A0582371 |r 2026-02-21 21:12:40 |w 2026-02-21 |y PREZ | ||
| 952 | |0 0 |1 0 |4 0 |7 0 |8 0 |a SNK |b SNK |d 2008-11-28 |i snk2008/22734 |l 0 |o snkČSB 5626/16/2008 |p 17A0582367 |r 2026-02-21 21:12:40 |w 2026-02-21 |y PREZ | ||
| 952 | |0 0 |1 0 |4 0 |7 0 |8 0 |a SNK |b SNK |d 2008-11-28 |i snk2008/22735 |l 0 |o snkČSB 5626/16/2008 D1 |p 17A0582368 |r 2026-02-21 21:12:40 |w 2026-02-21 |y PREZ | ||


